| 000 | 01100nam a22002537a 4500 | ||
|---|---|---|---|
| 005 | 20170124103110.0 | ||
| 010 | _aB-078999 | ||
| 020 |
_c120.00 _a8188123331 |
||
| 035 | _aB-078999 | ||
| 037 | _bCen Lib/Ret | ||
| 040 |
_aDPL _bHN |
||
| 082 |
_a660 _bशुकदे |
||
| 100 |
_aशुकदेव प्रसाद _979609 |
||
| 245 |
_aजैव प्रौदोगिकी के विविध आयाम / _cशुकदेव प्रसाद |
||
| 246 |
_aJaiv Proudogiki ke vividh aayam _b by Shukdev Prasad |
||
| 260 |
_a दिल्ली _bहिमांचल पुस्तक भंडार _c2003 |
||
| 270 |
_aIX, 221-सरस्वती भंडार गाँधी नगर _b दिल्ली _e110031 |
||
| 300 |
_a116पृष्ठ. : _c20सेमी(सजिल्द) _bचित्र. |
||
| 650 |
_aजैव विज्ञान _94735 |
||
| 650 |
_aमानव क्लोनिंग _979612 |
||
| 650 |
_aLife Sciences _940766 |
||
| 650 |
_aHuman Cloning _979614 |
||
| 942 |
_2ddc _cHN _h660 _mशुकदे |
||
| 999 |
_c118340 _d118340 |
||